000
00282nam a22001337a 4500
008
170807b xxu||||| |||| 00| 0 eng d
020
_a
9780072835267
041
_a
eng
080
_a
004
100
_a
33
101
_a
SHK
245
_a
OFFICE 2003
_c
O'LEARY,T.J
942
_2
udc
_c
BK
999
_c
22805
_d
22805